Normal view MARC view
  • Perkovich, George,

Entry Personal Name

Number of records used in: 2

001 - CONTROL NUMBER

  • control field: 12981

003 - CONTROL NUMBER IDENTIFIER

  • control field: NUST

005 - DATE AND TIME OF LATEST TRANSACTION

  • control field: 20190108050833.0

008 - FIXED-LENGTH DATA ELEMENTS

  • fixed length control field: 190108|| aca||aabn | a|a d

040 ## - CATALOGING SOURCE

  • Original cataloging agency: NUST
  • Transcribing agency: NUST

100 ## - HEADING--PERSONAL NAME

  • Personal name: Perkovich, George,
  • Dates associated with a name: 1958-
  • Relator term: author.

670 ## - SOURCE DATA FOUND

  • Source citation: Work cat.: (NUST)0: Perkovich, George, 1958- author., Not war, not peace? :
© 2023 Central Library, National University of Sciences and Technology. All Rights Reserved.